000 00653nam a2200241Ia 4500
003 OSt
005 20220918192319.0
006 a|||||r|||| 00| 0
007 ta
008 220917b |||||||| |||| 00| 0 eng d
024 _a67,846
037 _cTextual
040 _aARTS
_cARTS
_beng
041 _2eng
_aeng
082 _aR3xM592:g, N6
100 _aMoore F C T
_914580
245 0 _aBergson
_b thinking backwards
260 _aNew York
_bCUP
_c1996
300 _axx,152p.
_ccm.
490 _aModern european philosophy ed by Robert B Pippin
942 _hR3xM592:g, N6
_cTEXL
_2CC
999 _c194078
_d194078